00766nam a2200253 a 4500001001300000003000900013005001700022008004100039020002300080082002000103100001900123245002200142260004300164300000900207500003500216505001700251650003300268650003700301700001900338902000800357942000700365952012300372999001700495nice12345678IN_TiNIC20260116015000.0050524s1997 chia grp 000 0 eng  a0819907 c10000a303.608097bHOE aHoeberichts, J aFrancis and Islam aChicagobFranciscan Herald Pressc1997 a277p aincludes index and biblioraphy2 aNotes, Index aIslam-Relations Christianity aChristianity and Other Religions1 aHoeberichts, J bSRS cBK 001040708StackRoom-aHMIbHMId2007-03-20g100.00l0o303.608097 HOEp11000782r2007-03-20v100.00w2005-05-24yBK c17822d17822